Информационные технологии в дизайне. Основы: учебное пособие

Bibliografiske detaljer
Hovedforfatter: Ризен Ю. С. Юлия Сергеевна
Institution som forfatter: Национальный исследовательский Томский политехнический университет (ТПУ) Институт кибернетики (ИК) Кафедра инженерной графики и промышленного дизайна (ИГПД)
Andre forfattere: Шкляр А. В. Алексей Викторович
Summary:Заглавие с титульного экрана
Электронная версия печатной публикации
В пособии содержится основная информация о работе с цифровыми изображениями и средой Adobe Photoshop, представлены сведения о слоях и подробно рассмотрены работы их наложения. Дано детальное описание работы с инструментами , функциями цветокоррекции и корректирующими слоями, масками и т. д. Теоретический материал сопровождается наглядными примерами диалоговых окон, настроек и иллюстрациями поэтапной работы с инструментами. Предназначено для студентов, обучающихся по направлению 54.03.01 "Дизайн" (бакавлариат) и 54.04.01 "Дизайн" (магистратура)
AM_TPU_network
Sprog:russisk
Udgivet: Томск, Изд-во ТПУ, 2015
Fag:
Online adgang:http://www.lib.tpu.ru/fulltext2/m/2015/m222.pdf
Format: MixedMaterials Electronisk Bog
KOHA link:https://koha.lib.tpu.ru/cgi-bin/koha/opac-detail.pl?biblionumber=297437

MARC

LEADER 00000nam0a2200000 4500
001 297437
005 20260413115714.0
035 |a (RuTPU)RU\TPU\book\322570 
035 |a RU\TPU\book\322291 
090 |a 297437 
100 |a 20150608d2015 m y0rusy50 ca 
101 0 |a rus 
102 |a RU 
105 |a a j 001zy 
135 |a drcn ---uucaa 
181 0 |a i   |b  e  
182 0 |a b 
183 0 |a cr  |2 RDAcarrier 
200 1 |a Информационные технологии в дизайне. Основы  |e учебное пособие  |f Ю. С. Ризен, А. В. Шкляр  |g Национальный исследовательский Томский политехнический университет (ТПУ) 
203 |a Текст  |c электронный  |b визуальный 
210 |a Томск  |c Изд-во ТПУ  |d 2015 
283 |a online_resource  |2 RDAcarrier 
300 |a Заглавие с титульного экрана 
300 |a Электронная версия печатной публикации 
330 |a В пособии содержится основная информация о работе с цифровыми изображениями и средой Adobe Photoshop, представлены сведения о слоях и подробно рассмотрены работы их наложения. Дано детальное описание работы с инструментами , функциями цветокоррекции и корректирующими слоями, масками и т. д. Теоретический материал сопровождается наглядными примерами диалоговых окон, настроек и иллюстрациями поэтапной работы с инструментами. Предназначено для студентов, обучающихся по направлению 54.03.01 "Дизайн" (бакавлариат) и 54.04.01 "Дизайн" (магистратура) 
371 0 |a AM_TPU_network 
606 1 |a Дизайн  |x (Информатика)  |2 stltpush  |3 (RuTPU)RU\TPU\subj\64461  |9 81355 
610 1 |a электронный ресурс 
610 1 |a учебные пособия 
610 1 |a труды учёных ТПУ 
610 1 |a информационные технологии 
610 1 |a дизайн 
610 1 |a цифровые изображения 
610 1 |a Adobe Photoshop 
610 1 |a цветокоррекция 
610 1 |a диалоговые окна 
610 1 |a настройки 
610 1 |a слои 
610 1 |a инструменты 
610 1 |a маски 
675 |a 004.92(075.8)  |v 3 
700 1 |a Ризен  |b Ю. С.  |c специалист в области начертательной геометрии и инженерной графики  |c старший преподаватель Томского политехнического университета  |f 1989-  |g Юлия Сергеевна  |3 (RuTPU)RU\TPU\pers\31096  |9 15325 
701 1 |a Шкляр  |b А. В.  |c специалист в области информатики и вычислительной техники  |c старший преподаватель Томского политехнического университета  |f 1970-  |g Алексей Викторович  |3 (RuTPU)RU\TPU\pers\29787  |9 14264 
712 0 2 |a Национальный исследовательский Томский политехнический университет (ТПУ)  |b Институт кибернетики (ИК)  |b Кафедра инженерной графики и промышленного дизайна (ИГПД)  |3 (RuTPU)RU\TPU\col\18737 
801 1 |a RU  |b 63413507  |c 20140731 
801 2 |a RU  |b 63413507  |c 20160615  |g RCR 
856 4 0 |u http://www.lib.tpu.ru/fulltext2/m/2015/m222.pdf  |z http://www.lib.tpu.ru/fulltext2/m/2015/m222.pdf 
942 |c CF